Fórum. Külpolitika, euró-atlanti és összmagyar integráció. Magyarország és a román-magyar kiegyezés
Elmentve itt :
| Szerző: | |
|---|---|
| Adatforrás: | Meister |
| Forrásdokumentuma: | Magyar Kisebbség. - 1 sz., 1999, 44-50 p. |
| Nyelv: | magyar |
| Kulcsszavak: | politológia politikai publicisztika európai integráció magyarok (romániai) románok kisebbségvédelem Magyarország Románia SZILÁGYI Zsolt |
| LEADER | 00713nab a2200229 i 4500 | ||
|---|---|---|---|
| 001 | bibPRO00004064 | ||
| 008 | 060524s1999 xx hun | ||
| 040 | |a Sz1 | ||
| 041 | |a hun | ||
| 100 | 1 | |a JESZENSZKY Géza | |
| 245 | 1 | 0 | |a Fórum. Külpolitika, euró-atlanti és összmagyar integráció. Magyarország és a román-magyar kiegyezés |c JESZENSZKY Géza |
| 695 | |a politológia | ||
| 695 | |a politikai publicisztika | ||
| 695 | |a európai integráció | ||
| 695 | |a magyarok (romániai) | ||
| 695 | |a románok | ||
| 695 | |a kisebbségvédelem | ||
| 695 | |a európai integráció | ||
| 695 | |a Magyarország | ||
| 695 | |a Románia | ||
| 695 | |a SZILÁGYI Zsolt | ||
| 773 | 0 | |t Magyar Kisebbség. - |g 1 sz., 1999, 44-50 p. | |